[Event "Bouhjar La Presse op"]
[Site "Bouhjar"]
[Date "2015.07.13"]
[Round "7"]
[White "Taieb, Sahbi"]
[Black "Mokhtar, Tarek"]
[Result "1-0"]
[WhiteElo "2057"]
[BlackElo "1804"]
[PlyCount "89"]
[EventDate "2015.07.07"]
[EventType "swiss"]
[EventRounds "7"]
[EventCountry "TUN"]
[SourceTitle "CBM 167 Extra"]
[Source "ChessBase"]
[SourceDate "2015.09.14"]
[SourceVersion "1"]
[SourceVersionDate "2015.09.14"]
[SourceQuality "1"]

1. d4 Nf6 2. Nc3 d5 3. Bg5 e6 4. e4 dxe4 5. Nxe4 Be7 6. Bxf6 Bxf6 7. Nf3 0-0 8. c3 Be7 9. Bd3 Nd7 10. Qc2 h6 11. 0-0-0 c6 12. g4 Qa5 13. Kb1 b5 14. h4 b4 15. c4 b3 16. axb3 Rb8 17. h5 f6 18. Nh4 c5 19. Ng3 Rd8 20. Rhe1 Nf8 21. Ngf5 Rd7 22. Nxe7+ Rxe7 23. d5 Reb7 24. Re3 Bd7 25. Ng6 Nxg6 26. Bxg6 e5 27. f3 Rb4 28. Qc3 Qb6 29. Bc2 a5 30. Qd3 f5 31. gxf5 Qf6 32. Qe4 Re8 33. Rg1 Rf8 34. Qxe5 Qxe5 35. Rxe5 a4 36. Re7 Rf7 37. f6 Rxe7 38. fxe7 Kf7 39. Re1 Rb8 40. Bg6+ Kf6 41. e8Q Bxe8 42. Rxe8 Rxb3 43. Kc2 Rb4 44. Kd3 Kg5 45. d6 1-0

[Event "Bouhjar La Presse op"]
[Site "Bouhjar"]
[Date "2015.07.07"]
[Round "1"]
[White "Amdouni, Zoubaier"]
[Black "Mokhtar, Tarek"]
[Result "1-0"]
[WhiteElo "2314"]
[BlackElo "1804"]
[PlyCount "97"]
[EventDate "2015.07.07"]
[EventType "swiss"]
[EventRounds "7"]
[EventCountry "TUN"]
[SourceTitle "CBM 167 Extra"]
[Source "ChessBase"]
[SourceDate "2015.09.14"]
[SourceVersion "1"]
[SourceVersionDate "2015.09.14"]
[SourceQuality "1"]

1. e4 e5 2. Bc4 Nf6 3. Nc3 Bc5 4. d3 h6 5. f4 d6 6. f5 Nc6 7. a3 a6 8. Nf3 Nd4 9. Nxd4 Bxd4 10. Qf3 c6 11. Bd2 b5 12. Ba2 Bb7 13. 0-0-0 Qc7 14. g4 0-0-0 15. h4 Kb8 16. g5 hxg5 17. hxg5 Rxh1 18. Rxh1 Ne8 19. Rh8 d5 20. exd5 Bxc3 21. Bxc3 cxd5 22. Qe2 f6 23. Qh5 Nd6 24. gxf6 gxf6 25. Qh6 d4 26. Qxf6 Rxh8 27. Qxh8+ Ka7 28. Bb4 Nxf5 29. Qf8 a5 30. Bc5+ Ka6 31. Qf6+ Qc6 32. Qxc6+ Bxc6 33. Be6 Ne3 34. c3 b4 35. axb4 axb4 36. cxd4 Kb5 37. Ba7 exd4 38. Bxd4 Nd5 39. Kc2 Ka4 40. Bc8 b3+ 41. Kd2 Kb5 42. Be6 Kb4 43. Ke1 Kb5 44. Kf2 Kb4 45. Kg3 Kb5 46. Kg4 Nb4 47. Bc4+ Ka4 48. Kf4 Bb5 49. Ke4 1-0

[Event "TUN-chB"]
[Site "Hammamet "]
[Date "2015.06.16"]
[Round "6"]
[White "Mokhtar, Tarek"]
[Black "Douissa, Oussama"]
[Result "0-1"]
[WhiteElo "1760"]
[BlackElo "2220"]
[PlyCount "62"]
[EventDate "2015.06.13"]
[EventType "swiss"]
[EventRounds "9"]
[EventCountry "TUN"]
[SourceTitle "EXT 2018"]
[Source "ChessBase"]
[SourceDate "2017.10.13"]
[SourceVersion "1"]
[SourceVersionDate "2017.10.13"]
[SourceQuality "1"]

1. e4 c5 2. Nf3 a6 3. d4 cxd4 4. Nxd4 Nf6 5. Nc3 e5 6. Nb3 Bb4 7. Bd3 d5 8. exd5 Nxd5 9. Bd2 Nxc3 10. bxc3 Be7 11. 0-0 0-0 12. Qh5 f5 13. Bc4+ Kh8 14. a4 Nd7 15. Rfd1 Qc7 16. Bf1 Nf6 17. Qe2 Be6 18. c4 Ne4 19. Be1 Rac8 20. c5 Nxc5 21. Nxc5 Bxc5 22. Rab1 Rce8 23. a5 Rf7 24. c4 f4 25. Bc3 Bf5 26. Rb3 Bg6 27. Kh1 e4 28. Rdb1 Qc6 29. R1b2 f3 30. Qd2 e3 31. fxe3 fxg2+ 0-1

[Event "TUN-chB"]
[Site "Hammamet "]
[Date "2015.06.15"]
[Round "5"]
[White "Hergli, Amir"]
[Black "Mokhtar, Tarek"]
[Result "1/2-1/2"]
[WhiteElo "2094"]
[BlackElo "1760"]
[PlyCount "54"]
[EventDate "2015.06.13"]
[EventType "swiss"]
[EventRounds "9"]
[EventCountry "TUN"]
[SourceTitle "EXT 2018"]
[Source "ChessBase"]
[SourceDate "2017.10.13"]
[SourceVersion "1"]
[SourceVersionDate "2017.10.13"]
[SourceQuality "1"]

1. Nf3 d5 2. g3 Nf6 3. Bg2 g6 4. 0-0 Bg7 5. d3 0-0 6. Nbd2 c5 7. e4 dxe4 8. dxe4 Nc6 9. c3 e5 10. Qc2 Qc7 11. Nc4 Be6 12. Ne3 h6 13. Nh4 Rad8 14. f4 exf4 15. gxf4 Ne7 16. f5 Bd7 17. e5 Qxe5 18. Nc4 Qb8 19. Bf4 Qa8 20. fxg6 fxg6 21. Nxg6 Nxg6 22. Qxg6 Be8 23. Qc2 Qc8 24. Nd6 Qg4 25. h3 Qh5 26. Nxb7 Bg6 27. Qf2 Rde8 1/2-1/2